00520nam a2200157 i 4500001000300000100002500003245008500028260002100113040000800134041000800142942000700150008004100157999001700198856009800215952004900313bg1 aABRASZEWSKI, Andrzej 0aPolska w Organizacji Narodów Zjednoczonych (1945-1975) /cAndrzej Abraszewski. aWarszawa,c1975. cBPK apol cKS s pl f |000 0 pol  c26839d26839 uhttp://koha.tu.koszalin.pl/cgi-bin/koha/opac-detail.pl?biblionumber=26839yKatalog online BPK 00104070aBPKbBPKcwo18481p01718850yKS